000 00919 a2200265 4500
005 20191015155129.0
008 191015s2016 cau||||| |||| 00| 0 eng d
020 _a9781936986231 (2a.Ed.)
040 _aCO-BoUCM
_bspa
_cSaul Niño
_dSaul Niño
041 0 _aeng
100 1 0 _aValdez, Al
_998811
245 1 0 _aUrban street terrorism
_bthe Mexican Mafia and the Sureños
_cAl Valdez, Rene Enriquez
250 _aSegunda edición
260 _a[Spartanburg]
_bPolice and Fire
_c2016
300 _a257 páginas
650 7 _918862
_aMafia
_zMéxico
650 7 _aPandillas
_zEstados Unidos
_987046
650 7 _921034
_aPandillas
_xAspectos sociales
650 7 _912141
_aCrimen organizado
650 7 _922294
_aPrisiones
_xCrimen
650 7 _912152
_aCriminología
700 1 0 _aEnriquez, Rene
_998812
942 _cLIBRORESER
_2DEWEY
_a5
_e2
_h364.10660973
_mV145u
999 _c315567
_d315567